| 000 -LEADER |
| fixed length control field |
01773cam a2200277 i 4500 |
| 020 ## - INTERNATIONAL STANDARD BOOK NUMBER |
| ISBN |
9786167101019 |
| 020 ## - INTERNATIONAL STANDARD BOOK NUMBER |
| ISBN |
6167101019 |
| 040 ## - CATALOGING SOURCE |
| Transcribing agency |
LTSCA |
| 082 04 - DEWEY DECIMAL CLASSIFICATION NUMBER |
| Classification number |
338 FAO 2014 C275 Or. |
| 100 1# - MAIN ENTRY--AUTHOR NAME |
| Personal name |
Dawe, David Charles, |
| 245 10 - TITLE STATEMENT |
| Title |
Rice in the shadow of skyscrapers : |
| Remainder of title |
policy choices in a dynamic East and Southeast Asian setting / |
| 300 ## - PHYSICAL DESCRIPTION |
| Number of Pages |
x, 136 pages : |
| Other physical details |
color illustrations ; |
| Dimensions |
21 cm |
| 520 ## - SUMMARY, ETC. |
| Summary, etc |
"This compendium of policy notes is the result of cooperation between the Food and Agriculture Organization of the UN, The World Bank and the International Rice Research Institute. Across Asia, rice is food for the largest segment of the human family. These policy notes seek to contribute to the ongoing policy dialogues and debates about rice and food security in East and Southeast Asia and to better informed decision- making. The aim of this compendium is to synthesize and reframe a large body of recent literature into a readily-accessible format for public officials, business leaders, members of civil society and other stakeholders in the policymaking process. While the focus of the publication is on the rice sector in East and Southeast Asia, many of its key findings and conclusions will also be of interest to policymakers addressing similar challenges associated with staple food in other regions."--Publisher website. |
| 650 #0 - SUBJECT ADDED ENTRY--TOPICAL TERM |
| Topical Term |
Rice |
| 650 #0 - SUBJECT ADDED ENTRY--TOPICAL TERM |
| Topical Term |
Rice |
| 650 #0 - SUBJECT ADDED ENTRY--TOPICAL TERM |
| Topical Term |
Agricultural productivity |
| 650 #0 - SUBJECT ADDED ENTRY--TOPICAL TERM |
| Topical Term |
Agricultural productivity |
| 650 #7 - SUBJECT ADDED ENTRY--TOPICAL TERM |
| Topical Term |
Agricultural productivity. |
| 650 #7 - SUBJECT ADDED ENTRY--TOPICAL TERM |
| Topical Term |
Rice |
| 700 1# - ADDED ENTRY--PERSONAL NAME |
| Personal name |
Jaffee, Steven, |
| 700 1# - ADDED ENTRY--PERSONAL NAME |
| Personal name |
Santos, Nuno, |
| 710 2# - ADDED ENTRY--CORPORATE NAME |
| Corporate name or jurisdiction name as entry element |
Food and Agriculture Organization of the United Nations, |
| 710 2# - ADDED ENTRY--CORPORATE NAME |
| Corporate name or jurisdiction name as entry element |
World Bank Group, |
| 710 2# - ADDED ENTRY--CORPORATE NAME |
| Corporate name or jurisdiction name as entry element |
International Rice Research Institute, |
| 942 ## - ADDED ENTRY ELEMENTS (KOHA) |
| Koha item type |
ADB |
| 952 ## - LOCATION AND ITEM INFORMATION (KOHA) |
| Withdrawn status [LOCAL, KOHA] |
0 |
| 952 ## - LOCATION AND ITEM INFORMATION (KOHA) |
| Withdrawn status [LOCAL, KOHA] |
0 |
| 952 ## - LOCATION AND ITEM INFORMATION (KOHA) |
| Withdrawn status [LOCAL, KOHA] |
0 |
| 952 ## - LOCATION AND ITEM INFORMATION (KOHA) |
| Withdrawn status [LOCAL, KOHA] |
0 |
| 952 ## - LOCATION AND ITEM INFORMATION (KOHA) |
| Withdrawn status [LOCAL, KOHA] |
0 |